00449 2200169 4500001002100000005001500021008004100036020002200077035001900099041000700118082001000125090001600135100002700151245004600178260002900224300002600253INLIS00000000000006020241224112117241224||||||||| | ||| |||| || |  a978-979-3407-50-0 0010-1224000060 aid0 a370.1 a370.1 ABU p0 aAbu Amr Ahmad Sulaiman00aPanduan Mendidik Anak Muslim Usia Sekolah aJakartabDarul Haqc2013 axxiv, 166 hlm.; 21 cm